000 01283nam a22003017i 4500
003 EG-GICUC
005 20260426114854.0
008 260409s1996 ua |||fr|||| 000 0 ara d
040 _a EG-GICUC
_bara
_c EG-GICUC
_d EG-GICUC
_erda
041 0 _aara
082 0 4 _221
_a341.81
_bح ف . ا
092 0 4 _221
099 _aLaw1 11 341.81 ح ف . ا 1996
100 0 _aحفيظة السيد الحداد
_eمؤلف.
245 1 2 _a الاتجاهات المعاصرة فى مادة الجنسية :
_b/ وحق الطفل المولود لأم مصرية في اكتساب الجنسية المصرية الأصلية المستمدة من الأم
_cتأليف حفيظة السيد الحداد.
264 1 _a[مكان النشر غير محدد] :
_b[الناشر غير محدد],
_c1996.
300 _a55 صفحة ؛
_c24 سم
336 _2rda content
_atext
337 _2rda media
_aComputer
338 _2rda carrier
_aOnline Resource
504 _aيشتمل على إرجاعات ببيلوجرافية.
546 _aالنص باللغة العربية
650 1 4 _aالقانون الدولي الخاص
_vالجنسية
_2qrmak
651 1 _2qrmak
856 4 0 _uhttps://fll.law.cu.edu.eg/fulltext/bks/B12-01736.pdf
905 _a56
942 _2ddc
_cBK
_e21
_n0
999 _c69845
_d69845